| 000 | 00729nam a2200217Ia 4500 | ||
|---|---|---|---|
| 001 | 1768 | ||
| 003 | GE_BSU | ||
| 008 | 181216s||||||||xx |||||||||||||| ||und|| | ||
| 040 | _cGE_BSU | ||
| 080 | _a517(075.8) | ||
| 100 | _aვაშაკიძე,.რ. | ||
| 245 | _aმათემატიკური ანალიზის კურსი. ნ.1. | ||
| 245 | _bსახელმძღვნელო პედაგოგ. ინ–ტებისათვის | ||
| 260 | _aთბილისი | ||
| 260 | _bცოდნა | ||
| 260 | _c1961 | ||
| 300 | _a438 გვ. 22 სმ. | ||
| 541 | _h18 ლ. | ||
| 653 | _aმათემატიკური ანალიზია კურსი | ||
| 942 | _cBK | ||
| 999 |
_c35877 _d35877 |
||